000 02157nam a22003257a 4500
001 BRCA_9237
003 FranzMayer
005 20220930143022.0
008 220929b |||||||| |||| 00| 0 eng d
020 _a9786078036523
040 _bspa
_cMFM
041 _aspa
050 _aTR680.
_bF68 2019
245 _aFoto Azul :
_bUn estudio fotográfico en Puebla
260 _aMéxico :
_bFundación Espinosa Rugarcía, Centro de Estudios Espinosa Yglesias,
_c2019
300 _a207 pp. :
_bfot. ;
_c17.5 x 24 cm.
504 _aBibliografía recomendada: p. 205
505 _tUna invitación a dialogar con las fotografías de Rafael Fuentes Aguilar /
_rAmparo Espinosa Rugarcía
505 _tFoto Azul: Mirada y memoria de Rafael Fuentes Aguilar /
_rMario Luis Fuentes Alcalá
505 _tFoto Azul. Puebla, 1936-1984 /
_rJudith Fuentes Aguilar Merino
505 _tFoto Azul, un estudio fotográfico en Puebla /
_rHoracio Correa Gannam y Xavier Recio Oviedo
505 _tRafael Fuentes Aguilar y los nuevos poblanos del siglo XX /
_rGustavo Amézaga Heiras
505 _tRetratos de una época
505 _t20 imágenes, 20 historias
505 _tEntrevistas
520 _aDurante décadas, Rafael Fuentes Aguilar, un hombre de vocación democrática y sentido social poco común, atrajo a Foto Azul -su espacio de trabajo en la Ciudad de Puebla- a niños y niñas, militares, obreros, campesinos, empresarios, sacerdotes, enfermeras, toreros, maestras y mujeres dedicadas al hogar o que estudiaban corte y confección, entre muchos otros personajes de la época. con su quehacer logró reunir una colección de fotografías irrepetible.La Fundación ESRU y el Centro de Estudios Espinosa Yglesias, han emprendido la tarea de rescatar y promover el acervo fotográfico del Estudio Foto Azul para descubrir la evidencia del mundo social subyacente en cada una de sus obras. - Proporcionado por Amparo Espinosa Rugarcía, Presidenta Fundación Espinosa Rugarcía
600 _aFuentes Aguilar, Rafael
_d1889-1976
_928576
_xFotógrafos
_zPuebla de Zaragoza (Mexico)
650 _aFotografía
_xNegativos
_928577
942 _2lcc
_cB
999 _c10856
_d10856